Filosofía, literatura y giro lingüístico: una nueva síntesis

Αποθηκεύτηκε σε:
Λεπτομέρειες βιβλιογραφικής εγγραφής
Κύριος συγγραφέας: Serna Arango, Julián (Συγγραφέας)
Μορφή: Βιβλίο
Γλώσσα:Ισπανικά
Έκδοση: Bogotá Siglo del Hombre 2004
Σειρά:Colección Espacios. Filosofía y Literatura
Θέματα:
Ετικέτες: Προσθήκη ετικέτας
Δεν υπάρχουν, Καταχωρήστε ετικέτα πρώτοι!

MARC

LEADER 00000nam a2200000 a 4500
001 UCK6457
003 CL-VaPUC
008 050930e20040000CK |||||||||||||||||spa|d
020 |a 9586650715 
082 0 4 |a 801.95  |b SER  |2 21 
100 0 |a Serna Arango, Julián  |e author  |9 495778 
245 1 0 |a Filosofía, literatura y giro lingüístico: una nueva síntesis 
300 |a 174 p 
942 |c BK 
945 |d 20050930 00:00:00  |a jcarroza 
260 |a Bogotá  |b Siglo del Hombre  |c 2004 
650 0 |a Lingüística  |9 265068 
650 0 |a Literatura  |9 259151 
650 0 |a Filosofía   |9 223554 
650 0 |a Lenguaje y lenguas  |9 265846 
583 |a last modification  |c 20050930 00:00:00  |k Rodrigo Vera 
490 0 |a Colección Espacios. Filosofía y Literatura 
999 |c 314743  |d 314741 
952 |0 0  |1 0  |4 0  |6 801_950000000000000_SER_2004  |7 0  |8 A  |9 387456  |a BIBEDU  |b BIBEDU  |d 2019-11-22  |i 4151976  |o 801.95 SER 2004  |p 4151976  |r 2019-11-22  |w 2019-11-22  |y BK  |k LIT